000 00855nam a22002417a 4500
005 20170124102924.0
010 _a098519
020 _c02.00
035 _a098519
037 _bCen Lib/Ret
040 _aDPL
_bHN
082 _a821
_bप्रसाद
100 _aप्रसाद, जयशंकर
_9141706
245 _aप्रसाद-संगीत /
_cजयशंकर प्रसाद
246 _aPrasad - sangeet
_bby Jayshankar Prasad
260 _bभारती-भण्डार
_c2013
300 _a143पृ.
_c17सेमी (सजिल्द)
650 _aप्रसाद -- संगीत
_9141707
650 _aहिंदी साहित्य
_9141708
650 _aPrasad -- music
_943034
650 _aHindi literature
_9141709
942 _2ddc
_cHN
_h821
_mप्रसाद
999 _c111474
_d111474